00472nam a2200217Ia 4500008004000000041000800040082001200048100001700060245005200077260003500129440000600164650000800170650000800178650000800186650001100194650001300205650000700218650001000225650001100235650000800246210210b1909 xxu||||| |||| 00| 0 eng d aeng a920/165 aTHURSTON (E) aCastes and tribes of southern India Vol VII T-Z aMadrasbGovernment Pressc1909 a7 aVol aVII aT-Z atribes asouthern aof aIndia aCastes aand